000 00487 a2200169 4500
003 OSt
005 20231229121816.0
008 231229b |||||||| |||| 00| 0 eng d
020 _a9789352290451
040 _coclc
082 _a891.433
_bJOS/U
100 _aJoshi, Manohar Syam
_910169
245 _aUTTARADHIKARINI /
_cManohar Syam Joshi
260 _aNew Delhi:
_bVani Prakashan,
_c2015.
300 _a103p
942 _2ddc
_cBK
_h891.433
_iJOS/U
_k891.433
_mJOS/U
999 _c43622
_d43622